Úroveň vlastností a osobnostných kvalít v kontexte rozvoja vodcovstva

Skúmanie kvalít a charakteristík vodcovských osobností. Požiadavky na efektívne vedenie ľudí a na vodcovské osobnosti meniace sa v závislosti od situácie a doby. Nové kompetencie vodcu budúcnosti. Zisťovanie úrovne vodcovských kvalít a charakteristík.

Saved in:
Bibliographic Details
Main Author: Procházková, Katarína, 1983-
Format: Book Chapter
Language:Slovak
Subjects:
Tags: Add Tag
No Tags, Be the first to tag this record!

MARC

LEADER 00000naa a2200000 4500
001 0268821
005 20240502074219.3
041 0 |a slo 
044 |a SK 
245 1 0 |a Úroveň vlastností a osobnostných kvalít v kontexte rozvoja vodcovstva 
520 |a Skúmanie kvalít a charakteristík vodcovských osobností. Požiadavky na efektívne vedenie ľudí a na vodcovské osobnosti meniace sa v závislosti od situácie a doby. Nové kompetencie vodcu budúcnosti. Zisťovanie úrovne vodcovských kvalít a charakteristík. 
610 2 0 |a vodcovstvo 
610 2 0 |a kvalita 
610 2 0 |a zručnosti 
610 2 0 |a vedenie ľudí 
610 2 0 |a starostlivosť o pracovníkov 
610 2 0 |a riadenie ľudských zdrojov 
100 1 |a Procházková, Katarína, 1983-